كتاب كنز المنن على حكم ابى مدين

Bibliographic Details
Main Author: شيخ داود بن شيخ وان عبدالله الفطانى (Author)
Format: Book
Published: [s.l.] : خزانة الفطانية , 1999
Subjects:

MARC

LEADER 00000cam a2200000 7i4500
001 0000007418
005 20070415093000.0
090 0 0 |a BP189   |b .K57 1999 
245 1 0 |a كتاب كنز المنن على حكم ابى مدين   |c منترتمهكندي العالم العلامة العارف الربانى الشيخ داود بن شيخ وان عبدالله الفطانى 
260 |a [s.l.] :   |b خزانة الفطانية ,   |c 1999 
300 |a 103 p. ;   |c 29 cm. 
650 0 |a Sufism 
700 0 |a شيخ داود بن شيخ وان عبدالله الفطانى ,   |e author 
999 |a 1000025029   |b Book   |c OPEN SHELF (30 DAYS)   |e Gong Badak Campus 
999 |a 1000025031   |b Book   |c OPEN SHELF (30 DAYS)   |e Gong Badak Campus